000 00478cam a2200169 4500
001 D14046
008 090401t1923 xxu||||| |||| 00| 0 eng d
035 _a(Sirsi) u13158
041 _aeng
100 _aThompson, F.Longstreet
245 _aSite planning in practice: an investigation of the principles of housing estate development
260 _aLondon
_bHenry Frawde/Hodder and Stoughton
_c1923
350 _a0
520 _aShelf 136
942 _n0
948 _c04/03/1997
999 _c87066
_d87066